[Event "25e tournoi 1hKO"]
[Site "Montigny le Bretonneux"]
[Date "2023.05.20"]
[Round "6.14"]
[White "Nosperger, Mael"]
[Black "Cogez, Celine"]
[Result "1-0"]
[WhiteElo "1334"]
[BlackElo "1505"]
[Annotator "Rivier,Sylvain"]
[PlyCount "99"]
[EventDate "2023.??.??"]

{Ouverture irrÃ©guliÃ¨re} 1. e4 c6 2. d3 d5 3. Nd2 e5 4. g3 Nf6 5. Bg2 Bg4 6.
Ne2 Nbd7 7. O-O Bd6 8. Qe1 O-O 9. Nc3 d4 10. Ne2 Rc8 11. Nc4 Bb8 12. f4 c5 13.
f5 h6 14. h3 Bxe2 15. Qxe2 b5 16. Nd2 Nb6 17. Nf3 c4 18. g4 cxd3 19. cxd3 Rc6
20. g5 hxg5 21. Bxg5 Nbd7 22. Kh2 Qc7 23. Rab1 Nh5 24. Nd2 Nf4 25. Qg4 Nf6 26.
Bxf6 Rxf6 27. Bf3 Rh6 28. h4 Qe7 29. Kg3 Nxd3 30. Be2 Nf4 31. Rf2 Nh5+ 32. Kf3
Nf6 33. Qg5 Qd6 34. Rg1 Rh7 35. Rh2 Nh5 36. Kf2 Nf4 37. h5 d3 38. Bf3 Qc5+ 39.
Ke1 Rc8 40. h6 g6 41. Rg3 Qb6 42. fxg6 fxg6 43. Qf5 Qe3+ 44. Kd1 Rc6 45. Rh1
Qc5 46. Nb3 Qc2+ 47. Ke1 d2+ 48. Nxd2 Qc1+ 49. Bd1 Rd7 50. Qxd7 1-0

[Event "25e tournoi 1hKO"]
[Site "Montigny le Bretonneux"]
[Date "2023.05.20"]
[Round "6.15"]
[White "Couradin, Jean-Marie"]
[Black "Guerin, Sasha"]
[Result "0-1"]
[WhiteElo "1476"]
[BlackElo "1194"]
[Annotator "Rivier,Sylvain"]
[PlyCount "44"]
[EventDate "2023.??.??"]

{Partie du pion dame} 1. d4 Nf6 2. Nf3 g6 3. Nc3 d5 4. g3 Bg7 5. Bg2 O-O 6. O-O
a6 7. a4 Nc6 8. Bf4 Nh5 9. Bg5 Nf6 10. Qd2 Ne4 11. Nxe4 dxe4 12. Ne5 Nxe5 13.
dxe5 Qxd2 14. Bxd2 Bxe5 15. c3 Bf5 16. Rad1 Rfd8 17. Be3 Rd6 18. Rxd6 exd6 19.
f3 exf3 20. Bxf3 c6 21. g4 Be6 22. h4 f6 {suite illisible} 0-1

[Event "25e tournoi 1hKO"]
[Site "Montigny le Bretonneux"]
[Date "2023.05.20"]
[Round "6.16"]
[White "Hedjazian, Farhad"]
[Black "Tanchoux, Pierre"]
[Result "1-0"]
[WhiteElo "1518"]
[BlackElo "1236"]
[Annotator "Rivier,Sylvain"]
[PlyCount "47"]
[EventDate "2023.??.??"]

{Partie du pion dame} 1. d4 d5 2. Nf3 Nf6 3. Bf4 Bf5 4. e3 c6 5. c4 e6 6. Nc3
Bb4 7. Bd3 Bxd3 8. Qxd3 Ne4 9. O-O Nxc3 10. bxc3 Bd6 11. Bxd6 Qxd6 12. c5 Qe7
13. Rab1 O-O 14. Rb2 Na6 15. Rfb1 Rab8 16. Ne5 f6 17. Nxc6 bxc6 18. Qxa6 Qc7
19. Rb7 Rxb7 20. Rxb7 Qc8 21. Qxa7 Qa8 22. Rxg7+ Kh8 23. Rxh7+ Kg8 24. Qg7# 1-0

[Event "25e tournoi 1hKO"]
[Site "Montigny le Bretonneux"]
[Date "2023.05.20"]
[Round "6.17"]
[White "Durez, Gerard"]
[Black "El Yaalaoui, Adam"]
[Result "1/2-1/2"]
[WhiteElo "1379"]
[BlackElo "1199"]
[Annotator "Rivier,Sylvain"]
[PlyCount "87"]
[EventDate "2023.??.??"]

{DÃ©fense est-indienne} 1. d4 Nf6 2. c4 g6 3. Nc3 d6 4. e3 Bg7 5. Nf3 O-O 6.
Be2 Re8 7. O-O Nbd7 8. Bd2 e5 9. dxe5 Nxe5 10. Nxe5 Rxe5 11. Bf3 c6 12. e4 Re8
13. Bf4 Be6 14. Be2 d5 15. cxd5 cxd5 16. exd5 Nxd5 17. Nxd5 Qxd5 18. Qxd5 Bxd5
19. Bb5 Re4 20. Be3 Bc4 21. Bxc4 Rxc4 22. Rab1 Rc2 23. Rfd1 b6 24. Rd7 Rxb2 25.
Rbd1 h5 26. g3 Rxa2 27. Rb7 Ra1 28. Rxa1 Bxa1 29. h4 Bc3 30. Kg2 Ba5 31. Kf3
Kg7 32. Bd4+ Kg8 33. Be3 a6 34. Bxb6 Bxb6 35. Rxb6 Kg7 36. Ke4 a5 37. Rb3 a4
38. Ra3 Kf6 39. f3 g5 40. hxg5+ Kxg5 41. f4+ Kg4 42. Ke5 f5 43. Kf6 Ra6+ 44.
Ke5 1/2-1/2

[Event "25e tournoi 1hKO"]
[Site "Montigny le Bretonneux"]
[Date "2023.05.20"]
[Round "6.18"]
[White "Garabedian, Christophe"]
[Black "Suffert, Martin"]
[Result "0-1"]
[WhiteElo "1199"]
[BlackElo "1368"]
[Annotator "Rivier,Sylvain"]
[PlyCount "59"]
[EventDate "2023.??.??"]

{Partie du pion dame} 1. d4 d5 2. Nf3 Nf6 3. e3 c6 4. Bd3 Bg4 5. c3 e6 6. Nbd2
Bd6 7. b3 Nbd7 8. c4 e5 9. c5 Bc7 10. Bb2 e4 11. Bxe4 dxe4 12. h3 Bxf3 13. gxf3
exf3 14. Qxf3 Qe7 15. b4 a6 16. a3 Nd5 17. O-O-O Qf6 18. Qe2 O-O-O 19. Ne4 Qe7
20. Qd3 f5 21. Nd2 Rhf8 22. e4 fxe4 23. Nxe4 N5f6 24. Rhe1 Nxe4 25. Rxe4 Qg5+
26. Kb1 Rxf2 27. Bc1 Qg6 28. Rde1 Nf6 29. h4 Nxe4 30. Rxe4 0-1

[Event "25e tournoi 1hKO"]
[Site "Montigny le Bretonneux"]
[Date "2023.05.20"]
[Round "6.19"]
[White "Abdallaoui, Mohamed Mehdi"]
[Black "Baysse, Nathan"]
[Result "1/2-1/2"]
[WhiteElo "1352"]
[BlackElo "1199"]
[Annotator "Rivier,Sylvain"]
[PlyCount "80"]
[EventDate "2023.??.??"]

{Partie du pion dame} 1. Nf3 Nc6 2. d4 d5 3. Bg5 h6 4. Bh4 Bf5 5. c3 Qd6 6. Na3
a6 7. e3 e6 8. Bg3 Qd7 9. Nc2 Be7 10. Be2 Nf6 11. h3 O-O 12. O-O Ne4 13. Bh2
Bd6 14. Nce1 Nf6 15. Nd3 Bxd3 16. Bxd3 Qe7 17. Re1 Rfe8 18. a3 Bxh2+ 19. Kxh2
e5 20. dxe5 Nxe5 21. Bc2 Qd6 22. Kg1 Rad8 23. Nxe5 Qxe5 24. Qd4 Qxd4 25. cxd4
c6 26. b4 g6 27. Bd3 b5 28. Rac1 Rd6 29. a4 Ne4 30. Rc2 Kg7 31. Rec1 Ree6 32.
Bxe4 dxe4 33. axb5 cxb5 34. Rc5 Kf6 35. d5 Re5 36. Rd1 Ke7 37. Kf1 f5 38. Ke2
g5 39. Rc6 Kd7 40. Rc5 Ke7 1/2-1/2

[Event "25e tournoi 1hKO"]
[Site "Montigny le Bretonneux"]
[Date "2023.05.20"]
[Round "6.20"]
[White "Bozier, Teodor"]
[Black "Couradin, Bruno"]
[Result "1/2-1/2"]
[WhiteElo "1213"]
[BlackElo "1343"]
[Annotator "Rivier,Sylvain"]
[PlyCount "70"]
[EventDate "2023.??.??"]

{Partie italienne} 1. e4 e5 2. Nf3 Nc6 3. Bc4 h6 4. Nc3 Nf6 5. d3 Bc5 6. O-O
O-O 7. h3 d6 8. Re1 Re8 9. Be3 Nd4 10. Bxd4 Bxd4 11. Nxd4 exd4 12. Nd5 c6 13.
Nxf6+ Qxf6 14. Qd2 Be6 15. Bxe6 Rxe6 16. c3 c5 17. Rab1 Rae8 18. cxd4 Qxd4 19.
Qc3 Qf6 20. Qxf6 Rxf6 21. b4 b6 22. a3 Rfe6 23. Rbc1 g6 24. f3 f5 25. Kf2 Kf7
26. Rcd1 Kf6 27. bxc5 dxc5 28. h4 b5 29. Rb1 a6 30. Rec1 Rc6 31. Ke3 fxe4 32.
fxe4 Ke5 33. Rc2 g5 34. h5 g4 35. Rbc1 Rec8 1/2-1/2

[Event "25e tournoi 1hKO"]
[Site "Montigny le Bretonneux"]
[Date "2023.05.20"]
[Round "6.21"]
[White "Genovart, Lucas"]
[Black "Druet, Arnaud"]
[Result "1/2-1/2"]
[WhiteElo "1199"]
[BlackElo "1199"]
[Annotator "Rivier,Sylvain"]
[PlyCount "79"]
[EventDate "2023.??.??"]

{DÃ©fense Caro-Kann, variante d'Ã©change} 1. e4 c6 2. d4 d5 3. exd5 cxd5 4. Nc3
Nf6 5. Nf3 Bg4 6. h3 Bxf3 7. Qxf3 e6 8. Bb5+ Nbd7 9. Bg5 Be7 10. O-O a6 11. Bd3
O-O 12. Bxf6 Bxf6 13. Ne2 Qb6 14. c3 Qc6 15. Ng3 e5 16. Bf5 e4 17. Qf4 h6 18.
Bxd7 Qxd7 19. Qf5 Qxf5 20. Nxf5 Kh7 21. Ne3 Rfd8 22. Rfd1 b5 23. b4 Rac8 24.
Rac1 Bg5 25. Rc2 Bxe3 26. fxe3 Rf8 27. Ra1 f5 28. g3 g5 29. Rf1 Kg6 30. Ra1 f4
31. gxf4 gxf4 32. exf4 Rxf4 33. a4 e3 34. axb5 axb5 35. Re1 Re8 36. Rce2 Rfe4
37. Kg2 Kg5 38. Kf3 Rf8+ 39. Kg3 Rfe8 40. Kf3 1/2-1/2

[Event "25e tournoi 1hKO"]
[Site "Montigny le Bretonneux"]
[Date "2023.05.20"]
[Round "6.22"]
[White "Robic, Raphael"]
[Black "Bouloc, Roger"]
[Result "0-1"]
[WhiteElo "1099"]
[BlackElo "1357"]
[Annotator "Rivier,Sylvain"]
[PlyCount "126"]
[EventDate "2023.??.??"]

{DÃ©fense sicilienne} 1. e4 c5 2. Nc3 d6 3. Bc4 e6 4. d3 Nc6 5. Nf3 Nf6 6. Bg5
Be7 7. O-O O-O 8. d4 cxd4 9. Nxd4 Qb6 10. Nxc6 Qxc6 11. Bd3 Qc5 12. Bxf6 Bxf6
13. Qf3 Re8 14. Rae1 Bxc3 15. bxc3 Qxc3 16. e5 Qc6 17. Qxc6 bxc6 18. Be4 d5 19.
Bd3 a5 20. c4 Ba6 21. f4 dxc4 22. Be4 Rac8 23. f5 c3 24. Rf2 exf5 25. Bxf5 Rcd8
26. e6 fxe6 27. Bxe6+ Kh8 28. g4 Bc8 29. Rfe2 Bxe6 30. Rxe6 Rxe6 31. Rxe6 a4
32. Rxc6 Rd1+ 33. Kf2 Rd2+ 34. Ke3 Rxh2 35. Rxc3 Rh3+ 36. Kd4 Rxc3 37. Kxc3 g6
38. Kd4 Kg7 39. Ke5 Kf7 40. Kf4 Kf6 41. Kg3 Ke5 42. Kf3 h5 43. g5 Kf5 44. Kg3
Kxg5 45. a3 h4+ 46. Kh3 Kf4 47. Kxh4 Ke4 48. Kg5 Kd4 49. Kxg6 Kc4 50. Kf5 Kb3
51. Ke4 Kxa3 52. Kd3 Kb3 53. Kd2 Kb2 54. Kd3 Kb1 55. Kd4 Kb2 56. Kc4 a3 57. Kb4
a2 58. Ka4 a1=Q+ 59. Kb5 Qc1 60. Kb4 Qc7 61. Kb5 Kc3 62. Ka4 Qb6 63. Ka3 Qb3#
0-1

[Event "25e tournoi 1hKO"]
[Site "Montigny le Bretonneux"]
[Date "2023.05.20"]
[Round "6.23"]
[White "Moulun, Raphael"]
[Black "Orfila, Hugo"]
[Result "1-0"]
[WhiteElo "1355"]
[BlackElo "1009"]
[Annotator "Rivier,Sylvain"]
[PlyCount "47"]
[EventDate "2023.??.??"]

{Ouverture Bird} 1. f4 d5 2. c4 dxc4 3. e3 e6 4. Bxc4 Nf6 5. Nf3 Bb4 6. O-O O-O
7. a3 Bd6 8. Nc3 Nc6 9. d3 e5 10. fxe5 Bxe5 11. Nxe5 Nxe5 12. Qe2 Nxc4 13. dxc4
Ng4 14. h3 Ne5 15. b4 Be6 16. Rd1 Qb8 17. c5 Bc4 18. Qc2 Qe8 19. Ne4 Rd8 20.
Bb2 Bd3 21. Qc3 Bxe4 22. Rxd8 Qxd8 23. Qxe5 Re8 24. Qxg7# 1-0

[Event "25e tournoi 1hKO"]
[Site "Montigny le Bretonneux"]
[Date "2023.05.20"]
[Round "6.24"]
[White "Carbonero, Jean Marc"]
[Black "Zheng, Zhaokang"]
[Result "1/2-1/2"]
[WhiteElo "1027"]
[BlackElo "1009"]
[Annotator "Rivier,Sylvain"]
[PlyCount "133"]
[EventDate "2023.??.??"]

{Partie italienne} 1. e4 e5 2. Nf3 Nc6 3. Bb5 Nf6 4. Nc3 Bc5 5. O-O O-O 6. d3
a6 7. Bc4 d6 8. Bg5 h6 9. Be3 Bxe3 10. fxe3 Bg4 11. h3 Bh5 12. Qd2 b5 13. Bd5
Nxd5 14. exd5 Ne7 15. Ne4 Nxd5 16. c4 bxc4 17. dxc4 Nf6 18. Nxf6+ Qxf6 19. Ne1
Qg6 20. Rf2 Rad8 21. Nf3 Qe6 22. Qd5 Qxd5 23. cxd5 f5 24. b4 Bf7 25. Rd1 e4 26.
Nh2 Bh5 27. Rc2 Rc8 28. Rdc1 Bf7 29. Rxc7 Rxc7 30. Rxc7 Bxd5 31. a4 f4 32. Nf1
fxe3 33. Nxe3 Bb3 34. a5 d5 35. Rd7 Rb8 36. Nf5 Rxb4 37. Rxg7+ Kf8 38. Ra7 d4
39. Rxa6 d3 40. Nxh6 d2 41. Rd6 d1=Q+ 42. Rxd1 Bxd1 43. Nf5 Rb5 44. Ne3 Rb1 45.
Kf2 Rb2+ 46. Ke1 Bc2 47. Kd2 Ba4+ 48. Kc3 Rb7 49. g4 Kg7 50. Kd4 Re7 51. h4 Kh6
52. Nf5+ Kg6 53. Nxe7+ Kh6 54. Kxe4 Bc2+ 55. Kd4 Bd1 56. g5+ Kg7 57. a6 Bf3 58.
Ke3 Bh1 59. Nf5+ Kg6 60. Ng3 Bc6 61. a7 Bd5 62. Kd4 Bg2 63. Ke3 Bd5 64. Kd4 Bg2
65. Ke3 Bd5 66. Kd4 Bg2 67. Ke3 1/2-1/2

[Event "25e tournoi 1hKO"]
[Site "Montigny le Bretonneux"]
[Date "2023.05.20"]
[Round "6.25"]
[White "Orfila, Leila"]
[Black "Christophe, Jules"]
[Result "0-1"]
[WhiteElo "1009"]
[BlackElo "1009"]
[Annotator "Rivier,Sylvain"]
[PlyCount "64"]
[EventDate "2023.??.??"]

{Partie italienne} 1. e4 e5 2. Nf3 Nc6 3. Nc3 Bc5 4. Bc4 Nf6 5. O-O O-O 6. d3
d6 7. Bg5 Be6 8. Bxe6 fxe6 9. Bxf6 Qxf6 10. h4 Rad8 11. Ng5 h6 12. Nf3 d5 13.
g4 d4 14. Ne2 Qxf3 15. g5 Qg4+ 16. Kh1 Rf3 17. Ng1 Rdf8 18. a3 Rh3+ 19. Nxh3
Qxh3+ 20. Kg1 Rf3 21. Qxf3 Qxf3 22. Rfe1 Ne7 23. Kh2 Ng6 24. h5 Nh4 25. Rg1
Qxh5 26. g6 Nf3+ 27. Kg2 Nxg1 28. Rxg1 Qxg6+ 29. Kf1 h5 30. f3 h4 31. Ke2 h3
32. Rh1 Qg2+ 0-1

[Event "25e tournoi 1hKO"]
[Site "Montigny le Bretonneux"]
[Date "2023.05.20"]
[Round "6.26"]
[White "Galichet, Noe"]
[Black "Orfila, Aylin"]
[Result "1-0"]
[WhiteElo "1009"]
[BlackElo "1099"]
[Annotator "Rivier,Sylvain"]
[PlyCount "77"]
[EventDate "2023.??.??"]

{DÃ©but Ponziani} 1. e4 e5 2. d4 Nc6 3. Nf3 Nf6 4. Bg5 d5 5. Nc3 Bg4 6. Bb5 Bb4
7. O-O exd4 8. exd5 dxc3 9. Qe1+ Qe7 10. Bxc6+ bxc6 11. Qxe7+ Bxe7 12. bxc3
cxd5 13. Ne5 Be2 14. Rfe1 Bb5 15. Rab1 a6 16. Rec1 O-O 17. Bxf6 Bxf6 18. Ng4
Bg5 19. Rd1 Ba4 20. Rxd5 Bxc2 21. Rb2 Bf6 22. Rxc2 Rae8 23. g3 Re1+ 24. Kg2 Bg5
25. Rxg5 f6 26. Rf5 Rd8 27. Rc5 Rdd1 28. Kf3 Rf1 29. Rxc7 Rfe1 30. Rb2 h6 31.
Nxf6+ Kf8 32. Rb6 Rd3+ 33. Kf4 g5+ 34. Kf5 Rd8 35. Rxa6 Rh1 36. Nh7+ Ke8 37.
Ke6 Re1+ 38. Kf6 Rd7 39. Rxd7 1-0

[Event "25e tournoi 1hKO"]
[Site "Montigny le Bretonneux"]
[Date "2023.05.21"]
[Round "7.1"]
[White "Lim, Chin"]
[Black "Fruchard, Cyrille"]
[Result "1/2-1/2"]
[WhiteElo "1903"]
[BlackElo "2330"]
[Annotator "Rivier,Sylvain"]
[PlyCount "49"]
[EventDate "2023.??.??"]

{Gambit dame, variante d'échange} 1. d4 d5 2. c4 e6 3. Nc3 Nf6 4. cxd5 exd5 5.
Bg5 c6 6. Qc2 Be7 7. e3 Nbd7 8. Bd3 Nf8 9. f3 Nh5 10. Bxe7 Qxe7 11. e4 Ne6 12.
Nge2 dxe4 13. fxe4 Qg5 14. d5 Nef4 15. Nxf4 Qxf4 16. Ne2 Qe3 17. Rf1 O-O 18.
Rf3 Qg5 19. Kf1 Bg4 20. Rf2 cxd5 21. exd5 Nf6 22. Nc3 Rae8 23. h3 Re3 24. Ne4
Nxe4 25. Bxe4 1/2-1/2

[Event "25e tournoi 1hKO"]
[Site "Montigny le Bretonneux"]
[Date "2023.05.21"]
[Round "7.2"]
[White "Lamorelle, Julien"]
[Black "Piquard, Yaroslav"]
[Result "1-0"]
[WhiteElo "2296"]
[BlackElo "1616"]
[Annotator "Rivier,Sylvain"]
[PlyCount "29"]
[EventDate "2023.??.??"]

{Partie du pion dame, attaque Fischer-Veressov} 1. d4 d5 2. Nc3 Nf6 3. Bg5 Nbd7
4. Nf3 e6 5. e4 h6 6. Bxf6 Nxf6 7. Bd3 Bb4 8. Qe2 c5 9. exd5 Nxd5 10. Bb5+ Bd7
11. O-O Nxc3 12. bxc3 Bxc3 13. Ne5 Bc6 14. Bxc6+ bxc6 15. Qf3 1-0

[Event "25e tournoi 1hKO"]
[Site "Montigny le Bretonneux"]
[Date "2023.05.21"]
[Round "7.3"]
[White "Plantet, Marc"]
[Black "Claisse, Patrick"]
[Result "1/2-1/2"]
[WhiteElo "1821"]
[BlackElo "1702"]
[Annotator "Rivier,Sylvain"]
[PlyCount "86"]
[EventDate "2023.??.??"]

{Défense sicilienne, variante Alapine} 1. e4 c5 2. c3 d5 3. exd5 Qxd5 4. d4 Nc6
5. Nf3 Nf6 6. Na3 a6 7. Bc4 Qh5 8. O-O e6 9. Re1 Be7 10. dxc5 Bxc5 11. b4 Be7
12. Be2 Qd5 13. Nc4 Qxd1 14. Rxd1 Nd5 15. Rxd5 exd5 16. Nb6 Rb8 17. Bf4 Be6 18.
Bxb8 Nxb8 19. Nd4 O-O 20. Bf3 Rd8 21. Re1 Bf6 22. Nxe6 fxe6 23. Rxe6 Bxc3 24.
Nxd5 Bd2 25. Kf1 Nc6 26. Ne7+ Nxe7 27. Rxe7 Bxb4 28. Rxb7 a5 29. Ke2 Kf8 30. a4
Rd2+ 31. Ke3 Rb2 32. Ke4 Rxf2 33. Ke5 Rd2 34. h3 Rd8 35. Bd5 Bc3+ 36. Ke4 Bf6
37. Rb5 Bc3 38. Kd3 Bb4 39. Kd4 Ke7 40. Rb7+ Kf6 41. g4 h6 42. h4 Bd2 43. h5
Rf8 {suite non notée} 1/2-1/2

[Event "25e tournoi 1hKO"]
[Site "Montigny le Bretonneux"]
[Date "2023.05.21"]
[Round "7.4"]
[White "Forissier, Nicolas"]
[Black "Witkowski, Gwendal"]
[Result "0-1"]
[WhiteElo "1887"]
[BlackElo "1470"]
[Annotator "Rivier,Sylvain"]
[PlyCount "38"]
[EventDate "2023.??.??"]

{Gambit dame accepté} 1. d4 Nf6 2. c4 e6 3. Nc3 d5 4. e3 c5 5. Nf3 cxd4 6. exd4
dxc4 7. Bxc4 Nbd7 8. O-O Nb6 9. Bb3 Be7 10. Re1 O-O 11. Bg5 Nfd5 12. Bxe7 Nxe7
13. Qd3 Nbd5 14. Bc2 g6 15. Bb3 b6 16. Ne5 Bb7 17. Qh3 Nf5 18. Nf3 Rc8 19. g4
Nf4 0-1

[Event "25e tournoi 1hKO"]
[Site "Montigny le Bretonneux"]
[Date "2023.05.21"]
[Round "7.5"]
[White "Sondermeijer, Antoine"]
[Black "Divies, Renaud"]
[Result "0-1"]
[WhiteElo "1485"]
[BlackElo "1855"]
[Annotator "Rivier,Sylvain"]
[PlyCount "42"]
[EventDate "2023.??.??"]

{Défense sicilienne} 1. e4 c5 2. Nf3 e6 3. c3 Nf6 4. Bd3 Nc6 5. Bc2 d5 6. e5
Nd7 7. d4 b5 8. O-O a5 9. Be3 c4 10. Re1 Nb6 11. Nbd2 b4 12. Ng5 g6 13. f4 h6
14. Nh3 a4 15. f5 exf5 16. Nf4 Bg7 17. Qf3 O-O 18. Nxc4 Nxc4 19. Nxd5 Nxe3 20.
Nxe3 Bd7 21. a3 b3 {suite illisible} 0-1

[Event "25e tournoi 1hKO"]
[Site "Montigny le Bretonneux"]
[Date "2023.05.21"]
[Round "7.6"]
[White "Zheng, Linyi"]
[Black "Lamorelle, Alexey"]
[Result "0-1"]
[WhiteElo "1561"]
[BlackElo "1293"]
[Annotator "Rivier,Sylvain"]
[PlyCount "46"]
[EventDate "2023.??.??"]

{Partie italienne, guiocco piano} 1. e4 e5 2. Nf3 Nc6 3. Bc4 Bc5 4. c3 Nf6 5.
d3 O-O 6. O-O d5 7. exd5 Nxd5 8. b4 Be7 9. b5 Na5 10. Nxe5 Nxc4 11. Nxc4 f5 12.
a4 f4 13. Ba3 Bxa3 14. Rxa3 f3 15. Ne3 Qg5 16. g3 Nxe3 17. fxe3 Qxe3+ 18. Rf2
Bh3 19. c4 Qd4 20. Nc3 Rae8 21. Qd2 Re3 22. Ne4 Re2 23. Qg5 Re1# 0-1

[Event "25e tournoi 1hKO"]
[Site "Montigny le Bretonneux"]
[Date "2023.05.21"]
[Round "7.7"]
[White "Briquet, Tom"]
[Black "Payot, Guillaume"]
[Result "0-1"]
[WhiteElo "1548"]
[BlackElo "1402"]
[Annotator "Rivier,Sylvain"]
[PlyCount "68"]
[EventDate "2023.??.??"]

{Défense française, variante Winaver} 1. e4 e6 2. d4 d5 3. Nc3 Bb4 4. Qg4 Nf6
5. Qxg7 Rg8 6. Qh6 Bxc3+ 7. bxc3 dxe4 8. Bg5 Rg6 9. Qh4 Nbd7 10. Ne2 c5 11.
dxc5 Qa5 12. Rd1 Nd5 13. Bd2 Qxc5 14. Qxh7 N7f6 15. Qh4 Bd7 16. c4 Nb4 17. Bxb4
Qxb4+ 18. c3 Qf8 19. Qf4 O-O-O 20. Qd6 Qxd6 21. Rxd6 Bc6 22. Rxd8+ Kxd8 23. Nf4
Rg5 24. h4 Rg4 25. g3 e5 26. Ng2 e3 27. Be2 Bxg2 28. Rh2 Bc6 29. Bxg4 Nxg4 30.
Rh3 Bg2 31. f3 Bxh3 32. fxg4 Bxg4 33. a4 Kc7 34. Kf1 Kc6 {suite illisible} 0-1

[Event "25e tournoi 1hKO"]
[Site "Montigny le Bretonneux"]
[Date "2023.05.21"]
[Round "7.8"]
[White "Goujon, Antoine"]
[Black "Branson, James"]
[Result "1-0"]
[WhiteElo "1638"]
[BlackElo "1537"]
[Annotator "Rivier,Sylvain"]
[PlyCount "51"]
[EventDate "2023.??.??"]

{Partie du pion dame} 1. d4 d5 2. Nc3 e6 3. Bf4 c6 4. e3 Nf6 5. Bd3 Bd6 6. Qf3
Bxf4 7. Qxf4 Qb6 8. O-O-O Nbd7 9. Nf3 c5 10. dxc5 Nxc5 11. g4 Bd7 12. Ne5 Nxd3+
13. Rxd3 O-O 14. g5 Nh5 15. Qh4 Be8 16. Qxh5 f6 17. g6 hxg6 18. Nxg6 Bxg6 19.
Qxg6 Rf7 20. Rg1 Rc8 21. h4 Rc4 22. h5 Rh4 23. h6 Qc7 24. hxg7 Rh7 25. Qg3 Qe7
26. Qb8+ 1-0

[Event "25e tournoi 1hKO"]
[Site "Montigny le Bretonneux"]
[Date "2023.05.21"]
[Round "7.9"]
[White "Guerin, Sasha"]
[Black "Chevallier, Stephane"]
[Result "1/2-1/2"]
[WhiteElo "1194"]
[BlackElo "1617"]
[Annotator "Rivier,Sylvain"]
[PlyCount "41"]
[EventDate "2023.??.??"]

{Défense Pirc} 1. d4 Nf6 2. Nc3 g6 3. e4 d6 4. f3 Bg7 5. Be3 Nbd7 6. Qd2 O-O 7.
g4 e5 8. d5 a6 9. h4 h5 10. g5 Nh7 11. Nh3 b6 12. Be2 Nc5 13. Nf2 Re8 14. Nd3
Nxd3+ 15. Qxd3 Nf8 16. Qd2 b5 17. a3 Bd7 18. Kf2 Qb8 19. Rad1 a5 20. Na2 Qb7
21. c3 1/2-1/2

[Event "25e tournoi 1hKO"]
[Site "Montigny le Bretonneux"]
[Date "2023.05.21"]
[Round "7.10"]
[White "Fayolle, Guy"]
[Black "Hoarau, Jules"]
[Result "0-1"]
[WhiteElo "1615"]
[BlackElo "1416"]
[Annotator "Rivier,Sylvain"]
[PlyCount "92"]
[EventDate "2023.??.??"]

{Défense scandinave} 1. e4 d5 2. exd5 Nf6 3. c4 c6 4. dxc6 Nxc6 5. Be2 e5 6. d3
Bf5 7. Nf3 Bc5 8. O-O Qb6 9. Nh4 Be6 10. Nc3 Qc7 11. Be3 Be7 12. h3 O-O-O 13.
Qa4 a6 14. a3 Rdg8 15. b4 Nd4 16. Bxd4 exd4 17. Nd5 Bxd5 18. cxd5 Nxd5 19. Rac1
Nc3 20. Bg4+ Kb8 21. Rxc3 dxc3 22. Nf5 Bg5 23. Qc2 h5 24. Bf3 g6 25. Ne3 Bxe3
26. fxe3 Qe5 27. Re1 Rc8 28. d4 Qg3 29. Re2 Rhe8 30. e4 Rc4 31. Qd3 Rec8 32.
Rc2 Qe1+ 33. Kh2 Qa1 34. d5 Qxa3 35. d6 Qxb4 36. d7 Rd8 37. Qd5 Rd4 38. Qxf7
R4xd7 39. Qxg6 Rd2 40. Rxd2 Rxd2 41. Qxh5 c2 42. Qe8+ Ka7 43. Qc8 Qd6+ 44. Kg1
Qd4+ 45. Kh2 Qf2 46. Kh1 Rd1+ 0-1

[Event "25e tournoi 1hKO"]
[Site "Montigny le Bretonneux"]
[Date "2023.05.21"]
[Round "7.11"]
[White "Ferreira, Carlos"]
[Black "Nosperger, Mael"]
[Result "1/2-1/2"]
[WhiteElo "1675"]
[BlackElo "1334"]
[Annotator "Rivier,Sylvain"]
[PlyCount "65"]
[EventDate "2023.??.??"]

{Défense sicilienne, variante Rossolimo} 1. e4 c5 2. Nf3 Nc6 3. Bb5 g6 4. Nc3
Bg7 5. Bxc6 bxc6 6. O-O Nf6 7. d3 d6 8. h3 h5 9. Bf4 e5 10. Bg5 Be6 11. Qd2 Qd7
12. Bxf6 Bxf6 13. Ng5 O-O-O 14. Nxe6 fxe6 15. Ne2 g5 16. g3 h4 17. g4 Qf7 18.
b4 cxb4 19. Qxb4 Qb7 20. Qa4 Kd7 21. Rab1 Qc7 22. Rb3 Rb8 23. Rfb1 Rxb3 24.
Qxb3 Rc8 25. c4 Bd8 26. Qb7 Qxb7 27. Rxb7+ Rc7 28. Rb3 Kc8 29. Kg2 Rb7 30. Kf1
Rxb3 31. axb3 Kb7 32. Ke1 Kb6 33. Kd2 1/2-1/2

[Event "25e tournoi 1hKO"]
[Site "Montigny le Bretonneux"]
[Date "2023.05.21"]
[Round "7.12"]
[White "Kissian, Pascal"]
[Black "Martin-Breteau, Paul"]
[Result "0-1"]
[WhiteElo "1523"]
[BlackElo "1506"]
[Annotator "Rivier,Sylvain"]
[PlyCount "56"]
[EventDate "2023.??.??"]

{Partie du pion dame, variante Tartacover} 1. d4 d5 2. Bg5 Nf6 3. Nf3 Ne4 4.
Bf4 Nc6 5. e3 e6 6. c3 Bd6 7. Bg3 h5 8. Bxd6 Qxd6 9. Bd3 e5 10. dxe5 Nxe5 11.
Bxe4 dxe4 12. Qa4+ Kf8 13. Nxe5 Qxe5 14. Nd2 Bf5 15. O-O-O b5 16. Qa6 Kg8 17.
Nb3 Kh7 18. Qc6 Rhd8 19. Rd4 Rab8 20. h3 Rb6 21. Qc5 Qxc5 22. Nxc5 Rxd4 23.
exd4 h4 24. Re1 Rg6 25. Rg1 Bxh3 26. Nxe4 Bxg2 27. Nc5 h3 28. Nd3 h2 0-1

[Event "25e tournoi 1hKO"]
[Site "Montigny le Bretonneux"]
[Date "2023.05.21"]
[Round "7.13"]
[White "Suffert, Martin"]
[Black "Hedjazian, Farhad"]
[Result "1/2-1/2"]
[WhiteElo "1368"]
[BlackElo "1518"]
[Annotator "Rivier,Sylvain"]
[PlyCount "86"]
[EventDate "2023.??.??"]

{Partie du pion dame} 1. d4 d5 2. Bf4 Nf6 3. Nf3 e6 4. e3 a6 5. Nbd2 c5 6. c3
Nc6 7. Bd3 b5 8. O-O Bb7 9. dxc5 Bxc5 10. Nb3 Bd6 11. Bg5 O-O 12. Qc2 h6 13.
Bh4 Rc8 14. Qe2 Be7 15. Nbd4 Nd7 16. Nxc6 Rxc6 17. Bg3 Bf6 18. e4 Re8 19. e5
Be7 20. Nd4 Rc8 21. Rac1 Bg5 22. f4 Bh4 23. Rf3 Nc5 24. Rcf1 Ne4 25. Bxh4 Qxh4
26. Rh3 Qe7 27. Qg4 Kh8 28. Bxe4 dxe4 29. Rg3 Qf8 30. f5 Bd5 31. fxe6 Bxe6 32.
Nxe6 Rxe6 33. Qxe6 fxe6 34. Rxf8+ Rxf8 35. Re3 Rd8 36. Kf2 Kh7 37. Rxe4 Rd2+
38. Re2 Rd5 39. Kf3 Kg6 40. Kf4 Kf7 41. Ke4 Kg6 42. Kf4 a5 43. Kg3 Kf5 {suite
non notée} 1/2-1/2

[Event "25e tournoi 1hKO"]
[Site "Montigny le Bretonneux"]
[Date "2023.05.21"]
[Round "7.14"]
[White "Foare, Etienne"]
[Black "Nguyen, Alexandre"]
[Result "1-0"]
[WhiteElo "1318"]
[BlackElo "1199"]
[Annotator "Rivier,Sylvain"]
[PlyCount "76"]
[EventDate "2023.??.??"]

{Défense sicilienne, variante Alapine} 1. e4 c5 2. c3 e6 3. d4 d5 4. exd5 Qxd5
5. Nf3 Nc6 6. Bd3 Nf6 7. O-O cxd4 8. cxd4 Be7 9. Nc3 Qd8 10. Bc2 O-O 11. Bg5 h6
12. Bh4 b6 13. Qd3 Nb4 14. Qe2 Nxc2 15. Qxc2 Bb7 16. Rad1 Rc8 17. Qd3 Nd5 18.
Bxe7 Qxe7 19. Ne5 Rfd8 20. Qg3 Nb4 21. Ng4 Kh7 22. a3 Nd5 23. Rfe1 Nxc3 24.
bxc3 Qxa3 25. Rd3 Qd6 26. Ne5 Rc7 27. Qg4 g5 28. Qh5 Qe7 29. Rh3 Qf6 30. Ng4
Qg6 31. Qxg6+ Kxg6 32. Rxh6+ Kg7 33. Rh3 Rd5 34. Ne3 Ra5 35. c4 Ba6 36. d5 Bxc4
37. d6 Rd7 38. Nxc4 Rd5 1-0